Modi argvendi. Testi per lo studio della retorica nel sistema del diritto comune.
Enregistré dans:
| Auteur principal: | |
|---|---|
| Format: | Livre |
| Publié: |
Spoleto, Italia:
Fondazione Centro Italiano di Studi Sull'Alto Medioevo,
2006.
|
| Édition: | Prima edizione. |
| Collection: | Testi, Studi, Strumenti,
|
| Sujets: | |
| Tags: |
Ajouter un tag
Pas de tags, Soyez le premier à ajouter un tag!
|
MARC
| LEADER | 00000nam a22000007a 4500 | ||
|---|---|---|---|
| 003 | CL-VaPUC | ||
| 005 | 20220822114639.0 | ||
| 008 | 220718t2006 ||||| |||| 00| 0 eng d | ||
| 999 | |c 437184 |d 437182 | ||
| 020 | |a 88-7988-388-7 | ||
| 040 | |c Pontificia Universidad Católica de Valparaíso | ||
| 082 | 7 | |a 340.55 CAP 2006 |2 22 | |
| 100 | 1 | |a Caprioli, Severino |e edizione critica |e editor |9 873207 | |
| 245 | |a Modi argvendi. |b Testi per lo studio della retorica nel sistema del diritto comune. | ||
| 250 | |a Prima edizione. | ||
| 260 | |a Spoleto, Italia: |b Fondazione Centro Italiano di Studi Sull'Alto Medioevo, |c 2006. | ||
| 300 | |a 211 páginas. | ||
| 490 | |a Testi, Studi, Strumenti, |n 19. | ||
| 500 | |a c.1 Donación Familia Prof. Alejandro Guzmán Brito. | ||
| 583 | |c 20220718 |k Cristina María Rojas Aguilar | ||
| 650 | |a Derecho común |x Retórica |9 873208 | ||
| 650 | |a Derecho común |x Argumentación |9 873209 | ||
| 650 | |a Retórica latina |y Siglo 14 |x Fuentes |9 873210 | ||
| 942 | |2 ddc |c BK |n 0 | ||
| 952 | |0 0 |1 0 |2 ddc |4 0 |6 340_550000000000000_CAP_2006 |7 1 |8 C_AGB |9 584937 |a BIBDER |b BIBDER |d 2022-07-18 |e Donación |i 5653041 |o 340.55 CAP 2006 |p 5653041 |r 2023-01-25 |t 1 |w 2022-07-18 |y BK_US |k AGB | ||